00557nam a2200205Ia 450000500170000000800410001702000180005804100120007608200170008810000230010524500560012825000130018426000300019730000210022765000170024865000300026565000140029570000220030970000200033120260429112138.0260429s9999||||xx |||||||||||||| ||und|| a9781394307951 aEnglish a338.927bGOO aGoodstein, Eban S. 0aEconomics and the environment / cEban S. Goodstein a10th ed. aChennai : bWiley,c2025. axii, 510 p.; pbk a Environment a Measuring sustainability aEconomics a Polasky, Stephen a Wong, Jason C.